[Event "BAN-chT SAIF POWERTEC 2020"]
[Site "Dhaka"]
[Date "2021.03.24"]
[Round "6.6"]
[White "Zia, Tahsin Tajwar"]
[Black "Kovalev, Vladislav"]
[Result "0-1"]
[WhiteElo "2092"]
[BlackElo "2648"]
[Annotator "TA"]
[PlyCount "86"]
[EventDate "2021.03.19"]
[EventType "team-tourn"]
[EventCountry "BAN"]
[SourceTitle "playchess.com"]
[Source "ChessBase"]
[SourceQuality "1"]

{[%evp 11,86,-3,8,8,29,18,16,18,16,0,26,13,28,28,39,26,43,34,72,19,45,20,34,25,34,27,81,71,75,2,13,0,0,0,-12,-14,0,-27,-12,-13,-9,-15,-15,-110,-111,-108,-110,-106,-108,-104,-107,-108,-88,-87,-89,-97,-102,-106,-78,-87,-66,-68,-66,-212,-117,-117,-117,-117,-112,-100,-70,-125,-113,-1330,-1212,-2647,-2169]} 1. d4 Nf6 2. Bf4 d5 3. e3 c5 4. c3 e6 5. Nd2 Nc6 6. Ngf3 cxd4 7. exd4 {D02: 1 d4 d5 2 Nf3 sidelines, including 2...Nf6 3 g3 and 2...Nf6 3 Bf4.} Nh5 8. Be3 Bd6 9. Ne5 {The position is equal.} g6 10. Nd3 {The main line 10.Nd3 scores better than 10.g4.} f6 11. g3 Ng7 12. Bg2 Nf5 13. O-O O-O 14. Re1 {[#]} Rf7 $146 ({Predecessor:} 14... Kg7 15. b4 Re8 16. Rc1 a6 17. a4 Rb8 18. a5 b6 19. axb6 Qxb6 20. Bf4 Bxf4 21. Nxf4 {1-0 (44) Berkes,F (2658)-Banusz,T (2629) Budapest 2017}) 15. b4 (15. Bf4 $16) 15... g5 16. Rc1 Rb8 17. b5 Nce7 18. c4 dxc4 (18... b6 $11 {keeps the balance.}) 19. Nxc4 $16 b6 20. Qb3 ({Don't play} 20. Nxd6 Qxd6 21. g4 Nh4 $11) (20. Qg4 $16) 20... Bb7 $11 21. Nxd6 Qxd6 22. Bxb7 Rxb7 23. Nb4 Rd7 24. a3 Kg7 25. Red1 Rf8 26. d5 Nxd5 27. Rc6 (27. Qb1 $11 Nfe7 28. Qe4) 27... Qe5 $17 28. Nxd5 Rxd5 29. Rxd5 exd5 $40 {[%mdl 128] Black goes for the king.} 30. Qd3 Re8 31. Bd2 Nd4 32. Bc3 Ne2+ 33. Kg2 Nxc3 34. Rxc3 {[%mdl 4096] Endgame KQR-KQR} Re7 35. Rc8 Rd7 36. a4 d4 37. Qc4 ({White should play} 37. g4 $15) 37... Kh6 (37... d3 $19 38. Qg8+ Kh6) 38. Qd3 Qd5+ 39. Kg1 Re7 {[#] ...Re1+ is the strong threat.} 40. Rc1 Kg7 41. Rd1 (41. g4 $15) 41... g4 42. f3 $2 {[%mdl 8192]} (42. Rc1 $17) 42... gxf3 $19 43. Rd2 Qe5 {Weighted Error Value: White=0.51/Black=0.13} 0-1

[Event "BAN-chT SAIF POWERTEC 2020"]
[Site "Dhaka"]
[Date "2021.03.24"]
[Round "6.7"]
[White "Reefat, Bin-Sattar"]
[Black "Mitrabha, Guha"]
[Result "0-1"]
[WhiteElo "2409"]
[BlackElo "2445"]
[Annotator "TA"]
[PlyCount "78"]
[EventDate "2021.03.19"]
[EventType "team-tourn"]
[EventCountry "BAN"]
[SourceTitle "playchess.com"]
[Source "ChessBase"]
[SourceQuality "1"]

{[%evp 12,78,16,17,22,25,26,6,4,0,8,0,0,-43,-1,0,-3,-47,0,0,19,1,25,-21,-10,-76,-66,-60,-60,-72,-72,-239,-47,-47,4,10,9,-20,-9,-58,-60,-59,-64,-58,-60,-122,-31,-27,-27,-97,-95,-99,-99,-98,-65,-81,-66,-204,-204,-196,-192,-200,-191,-241,-235,-249,-226,-288,-279]} 1. e4 e6 2. d4 d5 3. e5 c5 4. c3 Qb6 5. Nf3 Bd7 6. a3 Bb5 7. b4 cxd4 {C02: French: Advance Variation.} 8. Bxb5+ Qxb5 9. Nxd4 Qd7 {[#] The position is equal.} 10. Nd2 $146 ({Predecessor:} 10. O-O Nc6 11. f4 Nxd4 12. cxd4 Be7 13. f5 {½-½ (13) Starostits,I (2482)-Labeckas,K (2400) Schwarzach 2009}) 10... Nc6 11. N2f3 Nge7 12. h4 Rc8 13. h5 Nxd4 14. Qxd4 Qb5 15. Qxa7 Rxc3 16. Bd2 Rc4 {[#] ...Re4+ is the strong threat.} 17. Nd4 Qd7 18. Rc1 (18. Qa8+ $11 Rc8 19. Qa7) 18... Nc8 $17 19. Qa8 Be7 20. Rxc4 dxc4 21. Bc3 $2 {[#]} (21. Be3 $17 {was necessary.}) 21... O-O $2 (21... Bd8 $1 $19 {[%cal Rd8b6]} 22. h6 gxh6) 22. Qa5 $15 Bd8 (22... Rd8 $15) 23. Qb5 $11 Qc7 24. O-O Nb6 25. Nf3 Be7 26. Bd4 Nd5 27. Rc1 Rc8 28. Rc2 (28. g3 $15) 28... Qc6 ({Black should play} 28... c3 $17 {aiming for ...Ra8.} 29. Ne1 b6) 29. Qxc6 $15 Rxc6 30. b5 (30. Be3 $11) 30... Rc8 31. Nd2 c3 ({But not} 31... Bxa3 $6 32. Rxc4 Rxc4 33. Nxc4 $11) 32. Nb1 Bd8 {And now ...Rc4 would win.} 33. Kf1 Rc4 $36 {[%mdl 2048] White is under pressure.} 34. Be3 ({Only move:} 34. Bxc3 $15 Rc5 35. Ke2) 34... Bc7 $19 35. Ke2 Bxe5 36. Kd3 Ra4 37. g3 f5 38. Re2 Bf6 39. Bc1 Kf7 {Weighted Error Value: White=0.30/Black=0.23} 0-1

[Event "BAN-chT SAIF POWERTEC 2020"]
[Site "Dhaka"]
[Date "2021.03.24"]
[Round "6.8"]
[White "Koustav Chatterjee"]
[Black "Mehdi Hasan Parag"]
[Result "1-0"]
[WhiteElo "2431"]
[BlackElo "2204"]
[Annotator "TA"]
[PlyCount "73"]
[EventDate "2021.03.19"]
[EventType "team-tourn"]
[EventCountry "BAN"]
[SourceTitle "playchess.com"]
[Source "ChessBase"]
[SourceQuality "1"]

{[%evp 11,73,10,0,25,15,23,8,0,32,13,15,20,29,20,53,0,40,51,62,59,54,54,43,43,154,156,182,60,76,87,122,126,175,169,201,199,231,239,191,108,122,116,194,194,199,199,341,341,436,396,1226,1155,597,590,556,529,514,504,637,623,662,654,1214,1174]} 1. c4 e5 2. g3 Nf6 3. Bg2 d5 4. cxd5 Nxd5 5. Nf3 Nc6 6. O-O Nb6 7. b3 {A20: English Opening: 1...e5.} Be7 {next ...e4 is good for Black.} 8. Bb2 f6 9. Nc3 {[%cal Bb1c3,Bc3e4,Be4c5][%mdl 32] The position is equal. 9.Na3 is the recent fashion.} Be6 10. Rc1 Qd7 11. Ne4 O-O-O 12. Qc2 $1 Kb8 13. Rfd1 {[#]} ({White should play} 13. d4 $14) 13... Qc8 $146 ({Predecessor:} 13... Bd5 14. d4 Nb4 15. Qb1 Qg4 16. Nc5 e4 17. Nh4 g5 18. f3 exf3 19. Nxf3 Nd7 {½-½ (40) Kerr,S (2478)-Rogos,J (2518) ICCF email 2012}) 14. d4 Nb4 15. Qb1 f5 16. Nc5 e4 17. Ne5 Bd5 (17... h5 $14) 18. Ba3 $1 $16 {[%cal Ra3b4]} Nc6 {[#]} 19. Nxc6+ ({Better is} 19. Na6+ $1 $18 {[%mdl 512]} bxa6 20. Nxc6+ Bxc6 21. Bxe7) 19... bxc6 $14 20. e3 Nd7 21. Qb2 Ka8 22. Nxd7 Qxd7 23. Bc5 $1 Rb8 24. Qa3 {[%csl Gc5][%cal Ra3a7]} Bxc5 25. Rxc5 ({But not} 25. Qxc5 $6 g5 $14) (25. dxc5 $18 h5 26. Rd4) 25... g5 26. Rdc1 $40 {[%mdl 128] White goes for the king.} h5 {[#]} (26... Rb7 $16) 27. Ra5 $1 $18 {[%csl Ga3][%cal Ra5a7]} Rb7 {[#]} 28. Bf1 $1 {[%cal Rf1a6] Hoping for Ba6.} Rhb8 (28... Kb8 $142 29. Ba6 Rb6) 29. Rcc5 {Rxa7+! is the strong threat.} Qe7 30. Qa4 Rf8 $2 (30... f4 31. Rxd5 (31. exf4 e3 $19) (31. gxf4 $2 gxf4 32. Rxd5 Rg8+ 33. Rg5 Rxg5+ 34. Kh1 Rg8 $19) 31... cxd5) 31. Ba6 {White is clearly winning.} Rfb8 32. Bxb7+ Rxb7 33. Rxd5 cxd5 34. Rxd5 Qe6 35. Re5 Qf6 36. Qd7 f4 37. Re6 {Weighted Error Value: White=0.13/Black=0.41} 1-0

[Event "BAN-chT SAIF POWERTEC 2020"]
[Site "Dhaka"]
[Date "2021.03.24"]
[Round "6.9"]
[White "Sabya, Sachi"]
[Black "Gukesh D"]
[Result "0-1"]
[WhiteElo "1874"]
[BlackElo "2563"]
[Annotator "TA"]
[PlyCount "78"]
[EventDate "2021.03.19"]
[EventType "team-tourn"]
[EventCountry "BAN"]
[SourceTitle "playchess.com"]
[Source "ChessBase"]
[SourceQuality "1"]

{[%evp 21,78,6,18,-20,-13,-23,0,-10,0,-42,-42,-49,-50,-49,-48,-66,-78,-81,-70,-64,-64,-68,-57,-60,-14,-73,-72,-80,-71,-66,-70,-68,0,0,0,-92,-43,-337,-230,-223,-205,-402,-388,-382,-306,-309,-309,-316,-315,-393,-398,-516,-383,-516,-505,-586,-583,-621,-593]} 1. d4 Nf6 2. c4 e6 3. Nf3 d5 4. Nc3 Bb4 5. Bg5 Nbd7 6. cxd5 exd5 7. e3 h6 8. Bxf6 Qxf6 9. Bd3 O-O 10. Qb3 Qd6 11. O-O c6 {[#]} 12. Ne2 $146 {D38: Queen's Gambit Declined: Ragozin Defence (4 Nf3 Bb4).} ({Predecessor:} 12. Rad1 Ba5 13. h3 Re8 14. Qa4 Bc7 15. Rfe1 Nf6 16. Ne5 Qe7 17. f4 Nd7 18. Qc2 Nxe5 19. fxe5 Be6 {1-0 (36) Finegold,B (2481)-Krush,I (2444) Saint Louis 2017}) 12... Ba5 13. Ng3 $1 Bc7 14. Rac1 {The position is equal.} Qe7 15. Bf5 g6 16. Bb1 Nf6 17. Rfe1 Re8 18. e4 {next exd5 is good for White.} Bxg3 ({Reject} 18... Nxe4 $6 19. Bxe4 dxe4 20. Rxe4 $11) 19. exd5 {[#]} Bxh2+ $1 20. Kxh2 Qd6+ 21. Kg1 Rxe1+ 22. Rxe1 Qxd5 23. Qb4 (23. Bc2 $1 $11) 23... Qd8 $17 24. Qb3 {With the idea Bxg6.} Kg7 25. Ne5 Qe7 26. Qg3 {[%cal Rb1g6] [#]} Nh5 ({Black should play} 26... Ng4 $1 $15) 27. Qc3 $11 {Threatens to win with Nxg6.} Nf4 28. Nxc6 (28. Ng4 $11 {keeps the balance.} Ne2+ 29. Rxe2 Qxe2 30. d5+ Kg8 31. Nf6+ (31. Nxh6+ Kh7 $11) 31... Kf8 32. Bc2) 28... Qg5 {[%csl Gf4][%cal Rg5g2]} 29. Be4 {[%mdl 8192] This move loses the game for White.} Bf5 $40 {[%mdl 128] Strongly threatening ...Bxe4. White is in trouble.} 30. d5+ {[#]} Kh7 $1 31. Qe5 (31. Bf3 bxc6 32. dxc6) 31... bxc6 $19 32. dxc6 Bxe4 {[%csl Ge4,Gf4][%cal Rg5g2]} 33. Qxg5 hxg5 34. Rxe4 {[%mdl 4096] Endgame KRN-KR} Rc8 35. Ra4 Rxc6 36. g3 Rc1+ 37. Kh2 Nd3 {Black is clearly winning.} 38. b3 Kg7 39. Rxa7 g4 {Weighted Error Value: White=0.51/Black=0.16} 0-1

[Event "BAN-chT SAIF POWERTEC 2020"]
[Site "Dhaka"]
[Date "2021.03.24"]
[Round "6.10"]
[White "Neelotpal, Das"]
[Black "Md., Matiur Rahman"]
[Result "1/2-1/2"]
[WhiteElo "2425"]
[BlackElo "1979"]
[Annotator "TA"]
[PlyCount "82"]
[EventDate "2021.03.19"]
[EventType "team-tourn"]
[EventCountry "BAN"]
[SourceTitle "playchess.com"]
[Source "ChessBase"]
[SourceQuality "1"]

{[%evp 16,82,39,20,39,19,43,32,53,28,68,52,56,37,48,2,6,0,0,0,99,52,45,49,126,56,56,65,59,64,89,70,83,60,79,55,63,47,57,47,54,63,67,50,97,56,118,112,314,281,316,284,344,306,313,90,90,90,90,90,104,26,26,12,77,0,0,0,0]} 1. e4 e5 2. Nf3 Nc6 3. Bb5 a6 4. Ba4 Nf6 5. O-O b5 6. Bb3 Be7 7. Re1 O-O 8. a4 Rb8 9. d3 d6 {C88: Closed Ruy Lopez: Anti-Marshall Systems.} 10. Nbd2 {has lost popularity (10.h3).} Bg4 11. h3 Be6 {White is slightly better.} 12. c3 {[#]} h6 $146 ({Predecessor:} 12... Nd7 13. Bd5 Na7 14. axb5 Nxb5 15. c4 Nd4 16. Nxd4 exd4 17. Nf3 Bf6 18. Rxa6 Nc5 {1-0 (38) Balogh,C (2665)-Blatny,P (2396) Austria 2012}) 13. axb5 axb5 14. d4 {[#] Threatens to win with d5.} Bxb3 15. Qxb3 {Strongly threatening d5.} (15. Nxb3 $5 {[%cal Rd4d5]} Ra8 16. Rxa8 Qxa8 17. Qd3 $14) 15... Qd7 16. d5 Nd8 17. Nf1 Nh5 (17... c6 $11) 18. Qd1 {And now Nxe5! would win.} Nf6 19. Ng3 $36 {[%mdl 2048] White has good play.} Kh7 (19... c6 $14) 20. b3 ({White should play} 20. Be3 $16) 20... Nb7 $14 21. Be3 Ra8 22. Qd3 Rfb8 23. c4 bxc4 24. bxc4 c5 25. Nd2 Qc8 26. f4 (26. Nf5 {feels hotter.} Bf8 27. Rab1 Nd7 28. Rb5 g6 29. Ng3) 26... Nd7 27. Nf3 Rxa1 28. Rxa1 Ra8 29. Rb1 f6 30. f5 Nd8 (30... Bd8 $14) 31. Nh4 $16 Nf8 $2 (31... Nf7 $16) 32. Qe2 Nf7 33. Ng6 Qc7 34. Qg4 Nh8 {[%cal Rh8g6]} 35. Nxh8 (35. Nxe7 $18 Qxe7 36. Nh5) 35... Kxh8 36. Nh5 {[%csl Gh5][%cal Rg4g7] [#]} Bd8 37. Rb6 {Hoping for Rxd6!} Ra7 ({Avoid the trap} 37... g6 $2 38. fxg6 Nxg6 39. Qxg6 $18) 38. Rc6 ({Better is} 38. Rb3 $16) 38... Qd7 $11 39. Kh2 Qe7 (39... Bc7 $11) 40. Bd2 (40. Rc8 $16) 40... Bc7 $1 41. Be3 Qf7 {Weighted Error Value: White=0.30/Black=0.26} 1/2-1/2

[Event "BAN-chT SAIF POWERTEC 2020"]
[Site "Dhaka"]
[Date "2021.03.24"]
[Round "6.11"]
[White "Sahu, Sekhar Chandra"]
[Black "Hossain, Enamul"]
[Result "0-1"]
[WhiteElo "2049"]
[BlackElo "2426"]
[Annotator "TA"]
[PlyCount "70"]
[EventDate "2021.03.19"]
[EventType "team-tourn"]
[EventCountry "BAN"]
[SourceTitle "playchess.com"]
[Source "ChessBase"]
[SourceQuality "1"]

{[%evp 9,70,0,0,-19,0,-5,-21,-15,5,-59,50,40,40,31,26,-50,-54,-48,-25,-84,-75,-127,-121,-128,-85,-64,-64,-94,-28,-63,-66,-131,-41,-89,-89,-77,-52,-139,-139,-134,-119,-125,-125,-168,-172,-298,-319,-530,-355,-356,-354,-302,-197,-197,-182,-170,-189,-152,-170,-177,-160,-1596,-1527]} 1. f4 d5 2. Nf3 Nf6 3. e3 c6 4. Be2 Bf5 5. O-O e6 {[#]} 6. Nh4 $146 {A03: Bird's Opening with 1...d5.} ({Predecessor:} 6. b3 h6 7. Bb2 Be7 8. Ne5 Nbd7 9. Bf3 O-O 10. d3 Qb6 11. Qe2 Rad8 12. Nc3 {1-0 (45) Goepfert,J (1980)-Klimpel,S (1848) Dresden 2016}) 6... h5 7. Nxf5 exf5 8. b3 {The position is equal.} d4 9. Ba3 (9. Na3 $11) 9... c5 (9... dxe3 $15 10. dxe3 Nbd7) 10. Bf3 Nc6 11. Qe2 {Black must now prevent exd4+.} Be7 12. exd4 (12. Bxc6+ $11 bxc6 13. Bb2) 12... Nxd4 $15 ({Of course not} 12... Qxd4+ 13. Kh1 $11) 13. Qd3 Qb6 {Hoping for ...c4!} 14. c3 (14. Re1 $11 Rd8 15. Qc4) 14... Nxf3+ $17 15. gxf3 (15. Rxf3 $142 O-O 16. Qc2) 15... O-O 16. c4 Qd6 17. Qxd6 Bxd6 18. Nc3 b6 (18... Rad8 $17 19. Nb5 Bxf4 20. Bxc5 Rfe8) 19. Ne2 Rfe8 20. Kf2 (20. Rfe1 $15) 20... Re6 (20... h4 $17 {Threatens to win with ...Nh5.} 21. d4 Nh5 22. dxc5 Bxf4) 21. Rfe1 h4 22. Rad1 Rae8 23. d3 (23. Bc1 $15) 23... Nh5 24. Bc1 g6 25. a3 Rd8 26. d4 cxd4 $1 27. Nxd4 {[#]} (27. Kf1 $142) 27... Bc5 $1 $19 {[%cal Rc5d4]} 28. Bb2 (28. Rxe6 fxe6 29. Be3) 28... Red6 29. Ke3 {If White can now play b4 this consolidates a bit.} a5 30. Rd2 g5 31. Rg1 {[#]} Re8+ $1 ({Inferior is} 31... Nxf4 32. Rxg5+ Ng6 33. Rxf5 $11) 32. Kf2 Nxf4 {aiming for ...Nh3+.} 33. Rxg5+ Rg6 34. Rxg6+ fxg6 35. Rd1 $2 (35. Bc3 $17) 35... Re2+ {[%mdl 64] Double Attack.  Weighted Error Value: White=0.54/Black=0.27} 0-1

[Event "BAN-chT SAIF POWERTEC 2020"]
[Site "Dhaka"]
[Date "2021.03.24"]
[Round "6.12"]
[White "Rahman, Taibur"]
[Black "Deshmukh, Anup"]
[Result "1/2-1/2"]
[WhiteElo "2215"]
[BlackElo "2190"]
[Annotator "TA"]
[PlyCount "77"]
[EventDate "2021.03.19"]
[EventType "team-tourn"]
[EventCountry "BAN"]
[SourceTitle "playchess.com"]
[Source "ChessBase"]
[SourceQuality "1"]

{[%evp 9,77,9,38,31,83,93,93,54,79,33,70,74,75,71,74,0,46,51,77,81,74,60,68,36,44,40,95,94,121,103,101,64,93,97,169,131,328,323,325,327,333,334,327,329,364,347,412,389,404,373,376,370,423,367,353,366,370,370,379,373,341,355,474,473,334,334,541,584,557,533]} 1. d4 Nf6 2. c4 c6 3. Nc3 d5 4. Nf3 a6 5. a4 h6 6. Bf4 {[#] D15: Slav Defence: 4 Nc3 a6 and gambit lines after 4 Nc3 dxc4.} g6 $146 (6... e6 $14) ({Predecessor:} 6... dxc4 7. e3 e6 8. Bxc4 Bd6 9. Ne5 Qa5 10. Nxc6 bxc6 11. Bxd6 Ne4 12. Bxb8 Rxb8 13. Qc2 {1-0 (48) Cavadas,J (1562)-Lixa,A (1262) Lisbon 2017}) 7. e3 $16 Bg7 8. h3 {White is better.} O-O 9. Bd3 dxc4 10. Bxc4 Nd5 11. Bh2 Be6 12. Be2 ({White should play} 12. Qb3 $16) 12... Nxc3 (12... c5 $5) 13. bxc3 Qa5 14. Qc2 c5 15. O-O Nc6 16. Qb2 Bd5 17. Nd2 (17. Qxb7 Nxd4 $1 {[%mdl 512]} 18. Qxd5 Nxe2+ 19. Kh1 Nxc3 $17) 17... e5 (17... Rac8 $14) 18. Nc4 $1 {[%cal Rc4a5]} Bxc4 19. Bxc4 Qc7 {[%cal Rc5d4]} 20. Rab1 cxd4 21. cxd4 {[%cal Bc3d4,Bd4d5][%mdl 32]} Rad8 (21... Nxd4 $16 {keeps fighting.} 22. Bd5 (22. exd4 Qxc4 {[%mdl 64] Double Attack} 23. Bxe5 Bxe5 $11) (22. Qxd4 Rac8 $14) 22... Rfd8) 22. Rfc1 {Strongly threatening Ba2.} ({And not} 22. Qxb7 Qxb7 23. Rxb7 Na5 $11) 22... Rd7 $2 {[#] This move loses the game for Black.} (22... Qe7 $16 {was called for.}) 23. d5 $1 $18 Na5 {[#]} 24. Bb5 {[%mdl 576] Discovered Attack} axb5 25. Rxc7 Rxc7 26. Qxb5 ({Weaker is} 26. Bxe5 {[#]} Nc4 $1 $15) 26... Rfc8 {...Rc1+ is the strong threat.} 27. Bg3 Rc5 28. Qd3 Rc3 29. Qe2 Rc2 30. Qg4 h5 31. Qg5 Nc4 32. Kh2 ({Resist} 32. Rxb7 Rc1+ 33. Kh2 h4 $18) 32... Nd2 33. Rd1 Ne4 34. Qe7 Bf6 35. Qxb7 {And now d6 would win.} h4 {[#]} 36. d6 $1 hxg3+ 37. fxg3 Ng5 (37... R2c4 38. a5 Rd8) 38. Rf1 Kg7 {[#]} 39. Rxf6 $1 {[%mdl 33280] Weighted Error Value: White=0.11/Black=0.32. An unexpected result.} 1/2-1/2

[Event "BAN-chT SAIF POWERTEC 2020"]
[Site "Dhaka"]
[Date "2021.03.25"]
[Round "7.1"]
[White "Abu Sufian, Shakil"]
[Black "Ganguly, Surya Shekhar"]
[Result "0-1"]
[WhiteElo "2244"]
[BlackElo "2635"]
[Annotator "TA"]
[PlyCount "70"]
[EventDate "2021.03.19"]
[EventType "team-tourn"]
[EventCountry "BAN"]
[SourceTitle "playchess.com"]
[Source "ChessBase"]
[SourceQuality "1"]

{[%evp 9,70,0,0,0,1,1,-2,-6,2,-2,48,48,45,46,43,27,31,-6,-2,-19,-16,-22,-25,-18,-9,1,8,-143,-13,-41,-68,-81,-21,-33,-32,-38,-42,-45,-29,-101,-47,-212,0,0,0,0,0,0,0,-170,-175,-265,-258,-243,-247,-234,-156,-509,-500,-881,-835,-727,-723]} 1. d4 Nf6 2. Bf4 d5 3. e3 c5 4. c3 Nc6 5. Nd2 Bf5 6. Qb3 {D00: 1 d4 d5: Unusual lines.} Qd7 {6...Qd7 has lost popularity.} 7. Ngf3 c4 8. Qd1 {The position is equal.} e6 9. Nh4 Bg4 $5 {[%mdl 4] A promising side line.} 10. f3 Bh5 11. g4 Bg6 12. Nxg6 hxg6 {[#]} 13. b3 $146 ({Predecessor:} 13. Bg2 Bd6 14. Bg3 Bxg3+ 15. hxg3 Rxh1+ 16. Bxh1 e5 17. Qe2 O-O-O 18. O-O-O Qc7 19. Qf2 exd4 20. exd4 {½-½ (32) Birkic,J (1831)-Karlusic,L (1936) Vinkovci 2019}) 13... b5 14. a4 b4 15. cxb4 {Threatens to win with b5.} c3 16. Nb1 {[%cal Bd2b1,Bb1a3,Ba3c2][%mdl 32]} Bxb4 {White must now prevent ...c2+.} 17. Kf2 $1 O-O 18. Qc2 $2 (18. Ra2 $11) 18... Ba5 ({Black should try} 18... Qe7 $1 $17 {And now ...e5 would win.} 19. Bb5 (19. Nxc3 $2 Rac8 $19) 19... e5 $1 20. Bxc6 (20. dxe5 Nxe5 21. Rc1 g5 $17) 20... exf4 21. Bxa8 Nxg4+ $1 22. fxg4 Qxe3+ {[%mdl 64] Double Attack} 23. Kg2 f3+ 24. Kf1 Rxa8) 19. Na3 a6 20. Bd3 Qe7 (20... Rfe8 $17 21. Qe2 Qb7) 21. Qe2 $1 $11 e5 22. dxe5 Nxe5 23. Nc2 $1 Rfe8 24. Kg2 (24. Rhd1 $11) 24... Bc7 (24... Nxd3 $17 25. Qxd3 d4) 25. Bxa6 $2 {[#]} (25. Bg3 $15) 25... Rxa6 $2 26. Bxe5 (26. Qxa6 Nxf3 $1 27. Qd3 (27. Bxc7 $2 Qe4 $19 {[%mdl 64] Double Attack}) 27... Nd2 $17) 26... Qxe5 27. Qxa6 {Qd3 is the strong threat.} Nxg4 {[%mdl 64] Hoping for ...Qf5. Double Attack} 28. Qd3 Nh6 ({But not} 28... Nxe3+ $6 29. Nxe3 Qxe3 30. Qxe3 $16) (28... Nxh2 $2 29. f4 $18) 29. a5 $2 {[#]} (29. f4 $11 Qh5 30. Rhf1) 29... Qg5+ $1 $19 30. Kf1 (30. Kf2 {was worth a try.} Nf5 31. Rae1) 30... Nf5 {[%cal Rf5e3]} 31. Re1 ({Don't blunder} 31. Qxc3 $2 Nxe3+ 32. Nxe3 Rxe3 $19) 31... Bxa5 32. Qb5 Ra8 $40 {[%mdl 128] aiming for ...Bc7. Black has strong attack.} ({Don't do} 32... Nxe3+ 33. Nxe3 Rxe3 34. Rxe3 $17) 33. Kf2 $2 (33. Rg1 $17 Qh5 34. Rg2) 33... Bc7 {Black is clearly winning.} 34. Qxd5 (34. Qd3 $142 Ra2 35. Re2 Qh4+ 36. Kg2 Qg5+ 37. Kf2 Qh4+ 38. Kg2 Qg5+ 39. Kf2) 34... Qh4+ 35. Ke2 Rd8 {Weighted Error Value: White=0.53/Black=0.29} 0-1

[Event "BAN-chT SAIF POWERTEC 2020"]
[Site "Dhaka"]
[Date "2021.03.25"]
[Round "7.2"]
[White "Sadhwani, Raunak"]
[Black "Mohammad Minhaz Uddin"]
[Result "1-0"]
[WhiteElo "2545"]
[BlackElo "2295"]
[Annotator "TA"]
[PlyCount "89"]
[EventDate "2021.03.19"]
[EventType "team-tourn"]
[EventCountry "BAN"]
[SourceTitle "playchess.com"]
[Source "ChessBase"]
[SourceQuality "1"]

{[%evp 9,89,17,31,9,13,12,54,48,60,35,57,36,34,28,56,19,34,31,35,7,20,11,13,13,9,-11,17,19,30,22,67,36,84,75,69,72,116,93,138,68,79,59,72,72,91,110,97,118,99,118,75,106,80,0,0,0,0,0,37,1,74,74,277,185,172,179,139,179,230,226,316,311,310,334,445,445,445,441,712,700,682,664]} 1. Nf3 Nf6 2. c4 e6 3. Nc3 b6 4. e4 Bb7 5. d3 d6 6. g3 {A17: English Opening: 1...Nf6 with ...Bb4.} c5 7. Bg2 e5 8. O-O {White is slightly better.} Nc6 9. a3 {[#]} g6 $146 ({Predecessor:} 9... Be7 10. Rb1 a5 11. Nh4 Nd4 12. Be3 Nd7 13. Bxd4 Bxh4 14. Be3 Be7 15. f4 Bc6 {½-½ (47) Losos,J-Sokolik,B Poland 1990}) 10. Rb1 Bg7 11. b4 O-O 12. Ne1 Ne8 13. Nc2 Nc7 14. bxc5 dxc5 15. Ne3 Nd4 16. a4 Bc6 17. Ba3 Nde6 18. Ned5 Re8 19. Qd2 Rb8 20. f4 Bxd5 21. cxd5 Nd4 22. f5 Qd6 23. Qf2 a6 24. Nd1 ({White should play} 24. Ne2 $16) 24... gxf5 $14 25. Ne3 f4 $1 {[%cal Rf4e3]} 26. Nc4 Qg6 27. gxf4 exf4 28. Kh1 Nxd5 29. exd5 Re2 30. Qg1 {[#] Strongly threatening Bxc5!} Qxd3 31. Rbc1 (31. Nxb6 $16 {Threatens to win with Nd7.} Ra2 32. Bxc5) 31... f3 32. Bh3 {Qg3 is the strong threat.} f2 33. Qg4 b5 {[#] And now ...h5 would win.} (33... f5 $5 {[%cal Rf5g4]} 34. Qf4 Rbe8 $11) 34. axb5 (34. Bxc5 {looks sharper.} Nb3 35. Rcd1 Qxc4 36. Bxf2 Nd2 37. Qxc4 bxc4 38. Bg4) 34... axb5 (34... f5 $11 35. Qh5 Re1) 35. Bxc5 $16 Re4 {A mistake that costs the game.} (35... Nb3 $16 {was necessary.} 36. Rcd1 Qxc4 37. Rxf2 Qxg4 38. Bxg4 Re4) 36. Nb2 Qxf1+ 37. Rxf1 Rxg4 38. Bxg4 Nb3 (38... Rd8 $142 39. d6 (39. Rxf2 Rxd5 40. Bxd4 Rxd4 $18) 39... Nb3) 39. Bxf2 $18 Bxb2 40. Rb1 Bd4 41. Bg3 ({Inferior is} 41. Rxb3 Bxf2 42. d6 Bd4 $15) 41... Nd2 42. Rd1 {White is clearly winning.} ({Less strong is} 42. Bxb8 Nxb1 43. d6 Na3 $11) 42... Rd8 43. Rxd2 Bc3 (43... Rxd5 $142 44. Bf2 Bxf2 45. Rxd5 b4) 44. Rd3 Ba5 45. d6 {Weighted Error Value: White=0.14/Black=0.35} 1-0